Medzinárodná vedecká konferencia AIESA 2013

Informácia o zámeroch medzinárodnej vedeckej konferencie AIESA 2013 konanej dňa 25. októbra 2013.

Salvato in:
Dettagli Bibliografici
Autore principale: Šlosárová, Anna
Natura: Capitolo di libro
Lingua:slovacco
Soggetti:
Tags: Aggiungi Tag
Nessun Tag, puoi essere il primo ad aggiungerne!!

MARC

LEADER 00000naa a2200000 4500
001 0180297
005 20240502073053.2
041 0 |a slo 
044 |a SK 
245 1 0 |a Medzinárodná vedecká konferencia AIESA 2013  |c Anna Šlosárová 
520 |a Informácia o zámeroch medzinárodnej vedeckej konferencie AIESA 2013 konanej dňa 25. októbra 2013. 
610 2 0 |a veda ekonomická 
610 2 0 |a konferencie 
610 2 0 |a informatika 
610 2 0 |a účtovníctvo 
610 2 0 |a štatistika 
610 2 0 |a matematika poistná 
100 1 |a Šlosárová, Anna